00973nam a2200253Ia 4500003000400000005001700004008004100021020001400062040000700076041000800083082002000091100003200111245007600143250000600219260004100225300001700266365001300283650003100296906007300327942001200400999001900412952014400431952014400575OSt20230614151603.0210423s2010 xx 000 0 und d a230639976 cAL aeng a530.41 SAXA223 aSAXENA (Ajay Kumar).994386 aSolid state physics: an introduction to solid state electronic devices. a2 aNew DelhibMacmillan India Ltdc2010 axii,452pbPB b300cINR aSolid State Physics994387 aan ; devices. ; electronic ; introduction ; physics: ; Solid ; state 2ddccBK c161856d161856 001040708PHYaSACPGbSACPGd2012-06-28eAthulya Booksg300.00l4o530.41 SAXApPG008349r2024-02-21 00:00:00s2024-02-16w2021-04-26yBK 001040708PHYaSACPGbSACPGd2012-06-28eAthulya Booksg300.00l4o530.41 SAXApPG008350r2024-04-01 00:00:00s2024-03-21w2021-04-26yBK